000 00757cab a2200205 4500
001 WB2602-19
008 090401t1990 xxu||||| |||| 00| 0 eng d
035 _a(Sirsi) u52258
041 _aeng
245 _aHousing indicators
260 _c1990
350 _a0
490 _aIndependent
_v10/1/90 p21
490 _aTimes
_v10/1/90 p3
520 _aFurther evidence of the slowdown in the housing market has surfaced with a sharp drop in monthly housebuilding starts , a 31% fall in residential profits of one developer and a 0.6% drop in house prices according to Halifax Building Society . However Barnard Marcus the estate agent is more optimistic.
650 _aCOUNTRYSIDE PROPERTIES
690 _aHOUSING
942 _n0
948 _c04/03/1997
999 _c32410
_d32410